| 000 | 00566nam a2200193 a 4500 | ||
|---|---|---|---|
| 001 | 000034988 | ||
| 005 | 20200930074030.0 | ||
| 008 | 111024s1972 ag 000 0 spa d | ||
| 040 |
_aDO-SdBNP _bspa _cBNPHU |
||
| 082 |
_a813.54 _bB798v, 1972 |
||
| 100 | 1 |
_aBradbury, Ray _947111 |
|
| 245 | 1 | 3 |
_aEl vino del estÃo / _cRay Bradbury. |
| 250 | _a5a ed. | ||
| 260 |
_aBuenos Aires : _bMinotauro, _c1972. |
||
| 300 |
_a321 p. ; _c21 cm. |
||
| 650 | 4 |
_aNovela estadounidense _9262 |
|
| 650 | 4 |
_aLiteratura estadounidense _9263 |
|
| 910 | _aValidado. Control de calidad MFF | ||
| 999 |
_c34479 _d34479 |
||